00641nam a2200205 a 4500001001000000005001700010008004100027040001800068041000800086044000700094050002400101245005400125260004500179300002400224500002500248500005000273504003200323600005100355650002900406BRCA_160620190320203458.0880728s1985 cu-a---##b---#000-0#spa-# aDLCcDLCdDLC aspa aCU 4aND259.S5b.C66 198510aCómo se pinta un muralbDavid Alfaro Siqueiros. aLa Habana, CubabArte y literaturac1985 a231 p.bil.c23 cm. aIncluye cronología a2do. ejemplar en el Área de Investigación aBibliografía : p. 226-23114aSiqueiros, David Alfarod1896-1974xEstética14apintura muralxTécnica